000
00302cam a2200133ua 4500
041
_a
eng
_h
082
_a
823.308
_b
100
_a
Rogers, G.F.C.
245
_a
second in Eden /
_c
Rogers.
_h
Textual Documents
260
_a
:
_b
Putham ,
_c
1964.
300
_a
381 ; .
504
_a
999
_c
11385
_d
11385